LIBRARY & INFORMATION CENTRE, KCAET, TAVANUR

ONLINE PUBLIC ACCESS CATALOGUE (OPAC)

Non - conventional ENERGY resources / (Record no. 14287)

MARC details
000 -LEADER
fixed length control field 00404nam a22001577a 4500
003 - CONTROL NUMBER IDENTIFIER
control field OSt
008 - FIXED-LENGTH DATA ELEMENTS--GENERAL INFORMATION
fixed length control field 241101b |||||||| |||| 00| 0 eng d
020 ## - INTERNATIONAL STANDARD BOOK NUMBER
ISBN 9780070142763
082 ## - DEWEY DECIMAL CLASSIFICATION NUMBER
Classification number 621.47
Item number KHA/NO
100 ## - MAIN ENTRY--AUTHOR NAME
Personal name Khan, B. H
245 ## - TITLE STATEMENT
Title Non - conventional ENERGY resources /
250 ## - EDITION STATEMENT
Edition statement 2
260 ## - PUBLICATION, DISTRIBUTION, ETC. (IMPRINT)
Place of publication New Delhi
Name of publisher Tata McGraw hill Education Private Limited
Year of publication 2012
300 ## - PHYSICAL DESCRIPTION
Number of Pages 455
942 ## - ADDED ENTRY ELEMENTS (KOHA)
Koha item type Books
Holdings
Withdrawn status Lost status Damaged status Collection code Home library Current library Shelving location Date acquired Source of acquisition Cost, normal purchase price Full call number Accession Number Koha item type
        KAUAET KAUAET Shelf- 7A 13/06/2016 Cosmo Book House, Calicut 315.00 621.47 KHA/NO 24336 Books
free website counter